Solid State Physics (Record no. 143)

MARC details
000 -LEADER
fixed length control field 00517nam a22001937a 4500
003 - CONTROL NUMBER IDENTIFIER
control field OSt
005 - DATE AND TIME OF LATEST TRANSACTION
control field 20200122155700.0
008 - FIXED-LENGTH DATA ELEMENTS--GENERAL INFORMATION
fixed length control field 140707b xxu||||| |||| 00| 0 eng d
020 ## - INTERNATIONAL STANDARD BOOK NUMBER
International Standard Book Number 0030839939
040 ## - CATALOGING SOURCE
Transcribing agency DDC
082 ## - DEWEY DECIMAL CLASSIFICATION NUMBER
Edition number 22nd ed.
Classification number 530.4
Item number ASH 2011
100 ## - MAIN ENTRY--PERSONAL NAME
Personal name Ashcroft, Neil W.; Mermin, David N.
9 (RLIN) 375
245 ## - TITLE STATEMENT
Title Solid State Physics
260 ## - PUBLICATION, DISTRIBUTION, ETC. (IMPRINT)
Place of publication, distribution, etc. Andover:
Name of publisher, distributor, etc. Cengage
Date of publication, distribution, etc. 2011
300 ## - PHYSICAL DESCRIPTION
Extent xxi,826p;
Other physical details Ill
Dimensions 23cm
504 ## - BIBLIOGRAPHY, ETC. NOTE
Bibliography, etc Appendix, index included
650 ## - SUBJECT ADDED ENTRY--TOPICAL TERM
Topical term or geographic name as entry element Solid state physics
9 (RLIN) 376
942 ## - ADDED ENTRY ELEMENTS (KOHA)
Source of classification or shelving scheme Other/Generic Classification Scheme
Koha item type Book Bank
Holdings
Withdrawn status Lost status Source of classification or shelving scheme Damaged status Not for loan Home library Current library Date acquired Source of acquisition Inventory number Total Checkouts Full call number Barcode Date last seen Koha item type Date last checked out
    Dewey Decimal Classification     MUST Main Library MUST Main Library 07/07/2014   12/35896   530.4 ASH 2011 A 2014-0340 07/07/2014 Book Bank  
    Dewey Decimal Classification     MUST Main Library MUST Main Library 07/07/2014   12/35897   530.4 ASH 2011 A 2014-0341 07/07/2014 Open Shelf  
    Dewey Decimal Classification     MUST Main Library MUST Main Library 07/07/2014 Purchase 12/35899 1 530.4 ASH 2011 A 2014-0342 01/05/2021 Open Shelf 17/04/2021
    Dewey Decimal Classification     Main Kihumuro Campus Main Kihumuro Campus 07/07/2014 Purchase 12/35900   530.4 ASH 2011 2014-0339 07/07/2014 Book Bank  
    Dewey Decimal Classification     Main Kihumuro Campus Main Kihumuro Campus 07/07/2014 Purchase 12/35898   530.4 ASH 2011 A 2014-0343 07/07/2014 Book Bank  
    Dewey Decimal Classification     Main Kihumuro Campus Main Kihumuro Campus 07/07/2014 Purchase 01/15843   530.4 ASH 2011 A 2014-0344 07/07/2014 Book Bank  
    Dewey Decimal Classification     Main Kihumuro Campus Main Kihumuro Campus 19/04/2016 Purchase 01/15842   530.4 ASH 2011 2016-1015 19/04/2016 Short Loan